000 00585nam a2200217Ia 4500
008 101110s9999 xx 000 0 und d
041 _aENGLISH
082 _bSR31109
100 _aDhond Arvind A.
245 _aManagement accounting BMS 2nd year, 3rd semester
260 _c2008
_bVipul Prakashan, Mumbai
300 _a416
365 _b150
520 _aB.M.S.
546 _aENGLISH
630 _aManagement accounting BMS 2nd year, 3rd semester
650 _aB.M.S.
655 _aB.M.S.
730 _aManagement accounting BMS 2nd year, 3rd semester
942 _cBOOK
999 _c823612
_d823609